000 00646nam a2200229Ia 4500
003 OSt
005 20220925230414.0
006 a|||||r|||| 00| 0
007 ta
008 220923b |||||||| |||| 00| 0 eng d
020 _a9781788733731
037 _cGeneral Book
040 _aRTL
_cRTL
_beng
041 _2eng
_aeng
082 _aX:3M24xL70:g(Y), L5
100 _aLEFEBVRE Henri
_920193
245 0 _aHegel, Marx, Nietzsche, or, the realm of shadows
260 _aLondon
_bVerso
_c1975
300 _axxi,208p.
_ccm.
942 _hX:3M24xL70:g(Y), L5
_cGB
_2CC
999 _c585427
_d585427